000 00643cam a22002171 4500
001 ca 32000643
003 DLC
005 20260227111127.0
008 810815s1932 xx 000 0 eng
010 _aca 32000643
035 _a(OCoLC)14743097
040 _aDLC
_cDNLM
_dDLC
042 _apremarc
050 0 0 _aRA421
_b.D3 1932
060 0 _aW 20.9
_bD366d 1932
110 2 _aDelta Omega Society.
245 1 0 _aDelta omega, the honorary public health society.
_bOrganization, constitution, by-laws, list of members.
250 _a3d ed., February 1, 1932.
260 _a[New Haven,
_bQuinnipiack press, inc.,
_c1932]
300 _a31 p.
999 _c16952
_d16952